El árbitro arbitrario : (Record no. 54076)

MARC details
000 -LEADER
campo de control de longitud fija 00931nam a2200289 i 4500
001 - NÚMERO DE CONTROL
campo de control 54076
003 - IDENTIFICADOR DE NÚMERO DE CONTROL
campo de control ES-MaACL
005 - FECHA Y HORA DE LA ÚLTIMA TRANSACCIÓN
campo de control 20230906162907.0
007 - CAMPO FIJO DE DESCRIPCIÓN FÍSICA--INFORMACIÓN GENERAL
campo de control de longitud fija t|
008 - DATOS DE LONGITUD FIJA--INFORMACIÓN GENERAL
campo de control de longitud fija 031124s2001 mx ||||1| spa d
020 ## - NÚMERO INTERNACIONAL ESTÁNDAR DEL LIBRO
Número Internacional Estándar del Libro 950-23-1181-7
080 ## - NÚMERO DE LA CLASIFICACIÓN DECIMAL UNIVERSAL
Número de la Clasificación Decimal Universal 321.01 Hobbes, Thomas
080 ## - NÚMERO DE LA CLASIFICACIÓN DECIMAL UNIVERSAL
Número de la Clasificación Decimal Universal 321.01 Spinoza, Benedictus de
100 1# - ENTRADA PRINCIPAL--NOMBRE DE PERSONA
Nombre de persona Madanes, Leiser.
9 (RLIN) 172006
245 13 - MENCIÓN DEL TÍTULO
Título El árbitro arbitrario :
Resto del título Hobbes, Spinoza y la libertad de expresión /
Mención de responsabilidad, etc. Leiser Madanes.
250 ## - MENCION DE EDICION
Mención de edición 1ª ed.
260 ## - PUBLICACIÓN, DISTRIBUCIÓN, ETC.
Lugar de publicación, distribución, etc. Buenos Aires :
Nombre del editor, distribuidor, etc. Eudeba,
Fecha de publicación, distribución, etc. 2001.
300 ## - DESCRIPCIÓN FÍSICA
Extensión 326 p. ;
Dimensiones 23 cm.
490 1# - MENCIÓN DE SERIE
Mención de serie Filosofía política
504 ## - NOTA DE BIBLIOGRAFÍA, ETC.
Nota de bibliografía, etc. Bibliografía:p. 317-326.
600 14 - PUNTO DE ACCESO ADICIONAL DE MATERIA--NOMBRE DE PERSONA
Nombre de persona Hobbes, Thomas-
Subdivisión general Pensamiento político.
9 (RLIN) 63855
600 14 - PUNTO DE ACCESO ADICIONAL DE MATERIA--NOMBRE DE PERSONA
Nombre de persona Spinoza, Benedictus de-
Subdivisión general Pensamiento político.
9 (RLIN) 172007
650 14 - PUNTO DE ACCESO ADICIONAL DE MATERIA--TÉRMINO DE MATERIA
Término de materia o nombre geográfico como elemento de entrada Libertad de expresión.
9 (RLIN) 14405
830 1# - PUNTO DE ACCESO ADICIONAL DE SERIE-TÍTULO UNIFORME
Título uniforme Filosofía política
9 (RLIN) 230290
852 ## - LOCALIZACIÓN
Ubicación ES-MaACL
Número de control de estantería L-26713
Holdings
Estatus retirado Estado de pérdida Estado de daño No para préstamo Biblioteca de origen Biblioteca actual Ubicación en estantería Fecha de adquisición Fuente de adquisición Total de préstamos Signatura topográfica completa Código de barras Visto por última vez Precio de reemplazo Tipo de ítem Koha
        Biblioteca del Ateneo de Madrid Biblioteca del Ateneo de Madrid Depósito 2 17/01/2008     L-26713 1056832 23/02/2023 23/02/2023 Libro impreso